00332nam a2200145Ia 4500008004000000041000800040082001200048100001700060245002600077260004300103650000800146650001000154650001600164700000600180210210b1937 xxu||||| |||| 00| 0 eng d aeng a828/251 aGOFFIN (R C) aSix short biographies aLondonbOxford University Pressc1937 aSix ashort abiographies aN